00370nam a2200097Ia 4500008004100000082002100041100002200062245003500084260003000119650012300149211119s9999||||xx |||||||||||||| ||und|| a894.812 3bRAM-S aRamakrishnan, T D 0aSugandhi Enna Andal Devanayaki bD c BooksaKottayamc2014 aLiterature & rhetoricv Literatures of other languagesAltaic, Uralic, Hyperborean & Dravidian GeneraliaxGeneral Stack